MARC details
| 000 -LEADER |
| campo de control de longitud fija |
01495cam a2200469 4500 |
| 001 - NÚMERO DE CONTROL |
| campo de control |
84463 |
| 005 - FECHA Y HORA DE LA ÚLTIMA TRANSACCIÓN |
| campo de control |
20230410142316.0 |
| 008 - DATOS DE LONGITUD FIJA--INFORMACIÓN GENERAL |
| campo de control de longitud fija |
730817m20049999is a b 000 0 eng |
| 035 ## - NÚMERO DE CONTROL DEL SISTEMA |
| -- |
(DLC) 72012180 |
| 035 ## - NÚMERO DE CONTROL DEL SISTEMA |
| Número de control de sistema |
3605493 |
| 010 ## - NÚMERO DE CONTROL DE LA BIBLIOTECA DEL CONGRESO |
| Número de control de LC |
72012180 |
| 020 ## - NÚMERO INTERNACIONAL ESTÁNDAR DEL LIBRO |
| Número Internacional Estándar del Libro |
0827600046 |
| 040 ## - FUENTE DE CATALOGACIÓN |
| Centro catalogador/agencia de origen |
DLC |
| Centro/agencia transcriptor |
DLC |
| Centro/agencia modificador |
DLC |
| 041 1# - CÓDIGO DE IDIOMA |
| Código de lengua del texto/banda sonora o título independiente |
engheb |
| 043 ## - CÓDIGO DE ÁREA GEOGRÁFICA |
| Código de área geográfica |
a-is--- |
| 050 14 - SIGNATURA TOPOGRÁFICA DE LA BIBLIOTECA DEL CONGRESO |
| Número de clasificación |
BM 530 |
| Número de ítem |
V762l 2004 |
| 082 00 - NÚMERO DE LA CLASIFICACIÓN DECIMAL DEWEY |
| Número de clasificación |
398.2/095694 |
| 100 1# - ENTRADA PRINCIPAL--NOMBRE DE PERSONA |
| Nombre de persona |
Vilnay, Zev, |
| Fechas asociadas al nombre |
1900- |
| 245 10 - MENCIÓN DEL TÍTULO |
| Título |
Legends of the holy land / |
| Mención de responsabilidad, etc. |
Zev Vilnay. |
| 250 ## - MENCION DE EDICION |
| Mención de edición |
[1st ed.] |
| 260 ## - PUBLICACIÓN, DISTRIBUCIÓN, ETC. |
| Lugar de publicación, distribución, etc. |
Jerusalem : |
| Nombre del editor, distribuidor, etc. |
Sefer Ve Sefel Publishing, |
| Fecha de publicación, distribución, etc. |
2004-. |
| 300 ## - DESCRIPCIÓN FÍSICA |
| Extensión |
v. [1-3]. : |
| Otras características físicas |
ill. ; |
| Dimensiones |
22 cm. |
| 350 ## - PRECIO (NR) (BK AM CF MU VM SE) [OBSOLETO] |
| Precio |
$6.95 |
| 490 0# - MENCIÓN DE SERIE |
| Mención de serie |
His The Sacred Land |
| 500 ## - NOTA GENERAL |
| Nota general |
Title on t.p. verso: Legends of the Holy-Land. |
| 504 ## - NOTA DE BIBLIOGRAFÍA, ETC. |
| Nota de bibliografía, etc. |
"The ancient sources": p. [309]-313; "Sources of the legends": p. [315]-338. |
| 505 0# - NOTA DE CONTENIDO CON FORMATO |
| Nota de contenido con formato |
v.1: Legends of Jerusalem.-- v.2: Legends of Judea & Samaria. -- v.3: Legends of Galilee & Jordan & Sinai. |
| 650 #0 - PUNTO DE ACCESO ADICIONAL DE MATERIA--TÉRMINO DE MATERIA |
| Término de materia o nombre geográfico como elemento de entrada |
Legends |
| Subdivisión geográfica |
Jerusalem. |
| 650 #0 - PUNTO DE ACCESO ADICIONAL DE MATERIA--TÉRMINO DE MATERIA |
| Término de materia o nombre geográfico como elemento de entrada |
Legends, Jewish. |
| 650 #0 - PUNTO DE ACCESO ADICIONAL DE MATERIA--TÉRMINO DE MATERIA |
| Término de materia o nombre geográfico como elemento de entrada |
Tales |
| Subdivisión geográfica |
Jerusalem. |
| 650 #0 - PUNTO DE ACCESO ADICIONAL DE MATERIA--TÉRMINO DE MATERIA |
| Término de materia o nombre geográfico como elemento de entrada |
Jews |
| Subdivisión general |
Folklore. |
| 650 #0 - PUNTO DE ACCESO ADICIONAL DE MATERIA--TÉRMINO DE MATERIA |
| Término de materia o nombre geográfico como elemento de entrada |
Jewish folk literature. |
| 650 #0 - PUNTO DE ACCESO ADICIONAL DE MATERIA--TÉRMINO DE MATERIA |
| Término de materia o nombre geográfico como elemento de entrada |
Jewish legends. |
| 650 #0 - PUNTO DE ACCESO ADICIONAL DE MATERIA--TÉRMINO DE MATERIA |
| Término de materia o nombre geográfico como elemento de entrada |
Islamic legends. |
| 740 1# - ENTRADA AGREGADA--TÍTULO RELACIONADO/ANALÍTICO NO CONTROLADO |
| Título relacionado o analítico no controlado |
Legends of Jerusalem |
| 740 1# - ENTRADA AGREGADA--TÍTULO RELACIONADO/ANALÍTICO NO CONTROLADO |
| Título relacionado o analítico no controlado |
Legends of Judea & Samaria |
| 740 1# - ENTRADA AGREGADA--TÍTULO RELACIONADO/ANALÍTICO NO CONTROLADO |
| Título relacionado o analítico no controlado |
Legends of Galilee & Jordan & Sinai. |
| 800 1# - PUNTO DE ACCESO ADICIONAL DE SERIE--NOMBRE DE PERSONA |
| Nombre de persona |
Vilnay, Zev, |
| Fechas asociadas al nombre |
1900- |
| Título de la obra |
Agadot Erets-Yisrael. |
| Lenguaje de la obra |
English ; |
| Designación de volumen o secuencia |
v. 1. |
| 942 ## - ELEMENTOS DE ENTRADA SECUNDARIOS (KOHA) |
| Fuente del sistema de clasificación o colocación |
Clasificación de Library of Congress |
| Tipo de ítem Koha |
|
| 946 ## - PROCESAMIENTO DE INFORMACIÓN LOCAL (OCLC) |
| a |
mm |
| 985 ## - |
| -- |
be01 12-11-84 |